00437pab a2200145 454500008004000000100001600040245011100056260000900167300001500176362000800191650003100199700001900230700001600249773002600265180718b2017 xxu||||| |||| 00| 0 eng d aHaque, M.E. aConstitutional provisions related to water: integrated planning and management of a river basin - a review c2017 ap.194-210. aJan aWater resources management aTyagi, Avinash aVarma, H.K. aJournal of Governance